Surnoms des villes FR - 1 - Statistiques

Statistiques générales
  • Ce quiz a été pris 110 fois
  • Le résultat moyen est 8 sur 10
Statistiques - réponses
Surnom Ville % Correct
La Ville Lumière Paris
99%
La Cité Phocéenne Marseille
98%
La Ville Rose Toulouse
98%
Nissa La Bella Nice
94%
La Capitale des Gaules Lyon
92%
La Capitale de Noël Strasbourg
88%
La Capitale des Flandres Lille
84%
La Cité des Papes Avignon
70%
La Cité des Ducs Nantes
64%
La Belle Endormie Bordeaux
59%
Aucun quiz correspondant
Distribution des résultats
% des personnes avec chaque résultat
Percentile par nombre de réponses
Votre historique - résultats
Vous n’avez pas pris ce quiz